| 000 | 00722nam a22001817a 4500 | ||
|---|---|---|---|
| 003 | BD-DhUL | ||
| 005 | 20180319122628.0 | ||
| 008 | 180319s1980 bg a|||| |||| 00| 0 ben d | ||
| 040 |
_aBD-DhUL _cBD-DhUL |
||
| 082 |
_a891.433 _bABR |
||
| 100 | 1 | _aমোরশেদ, আবুল কালাম মনজুর | |
| 245 | 0 | 0 |
_aরূপকথার রাজ্যে / _cআবুল কালাম মনজুর মোরশেদ |
| 260 |
_aঢাকা : _bবাংলাদেশ শিশু একাডেমী, _c১৯৮০। |
||
| 300 |
_a৪৮ পৃ. : _bচিত্র ; _c২৫ সেমি. |
||
| 650 | 4 | _aবাংলা উপন্যাস | |
| 650 | 4 | _aBengali fiction | |
| 942 |
_2ddc _cBK |
||
| 999 |
_c239389 _d239389 |
||